000
00419nam a22001697a 4500
003
MPLRDC
005
20220104145230.0
008
210129b ||||| |||| 00| 0 eng d
082
_a
414.8 KXM
100
_a
中医研究院广安门医院编
245
_a
朱仁康临床经验集
_c
250
_a
初版
260
_a
_b
人民卫生出版社
_c
1979
300
_b
平
650
_a
医话
942
_c
BK
_o
414.8 KXM
999
_c
51203
_d
51193